00971cam a22003014a 450000100060000000300080000600500170001400800410003102000280007203500190010004000370011904100080015606000220016408200260018624501280021226000410034030000340038150400510041565000200046665000360048665000220052265000240054465000140056865000280058265000140061070000240062470000210064811465BD-RjUL20211208235130.0140126s2003 njua b 001 0 eng  a1588290646 (alk. paper) a(BD-RjUL)11514 aDNLM/DLCcDLCdDLCdBD-RjULbeng aeng10aQH 506bI646 200200a570.285221bINT 200300aIntroduction to bioinformatics :ba theoretical and practical approach /cedited by Stephen A. Krawetz and David D. Womble. aTotowa, N.J. :bHumana Press,c2003. axii, 746 p. :bill. ;c26 cm. aIncludes bibliographical references and index. 0aBioinformatics.12aComputational Biologyxmethods.22aComputer Systems.22aDatabases, Genetic.22aGenomics.22aSequence Analysis, DNA.22aSoftware.1 aKrawetz, Stephen A.1 aWomble, David D.